NFC Championship Matchups - Statistics

General Stats
  • This quiz has been taken 256 times
    25 since last reset
  • The average score is 89 of 120
Answer Stats
Season Outcome Team % Correct
2016-17 W Atlanta Falcons
100%
2015-16 W Carolina Panthers
100%
2014-15 L Green Bay Packers
100%
2025-26 L Los Angeles Rams
100%
2021-22 W Los Angeles Rams
100%
2018-19 W Los Angeles Rams
100%
2024-25 W Philadelphia Eagles
100%
2022-23 W Philadelphia Eagles
100%
2017-18 W Philadelphia Eagles
100%
2023-24 W San Francisco 49ers
100%
2012-13 W San Francisco 49ers
100%
2022-23 L San Francisco 49ers
100%
2021-22 L San Francisco 49ers
100%
2025-26 W Seattle Seahawks
100%
2014-15 W Seattle Seahawks
100%
2013-14 W Seattle Seahawks
100%
2020-21 W Tampa Bay Buccaneers
100%
2024-25 L Washington Commanders
100%
2015-16 L Arizona Cardinals
92%
2012-13 L Atlanta Falcons
92%
2023-24 L Detroit Lions
92%
2010-11 W Green Bay Packers
92%
2017-18 L Minnesota Vikings
92%
2011-12 W New York Giants
92%
2019-20 W San Francisco 49ers
92%
2013-14 L San Francisco 49ers
92%
2011-12 L San Francisco 49ers
92%
2005-06 W Seattle Seahawks
92%
2001-02 W St. Louis Rams
92%
2008-09 W Arizona Cardinals
85%
2003-04 W Carolina Panthers
85%
2006-07 W Chicago Bears
85%
2010-11 L Chicago Bears
85%
2020-21 L Green Bay Packers
85%
2019-20 L Green Bay Packers
85%
2016-17 L Green Bay Packers
85%
2007-08 L Green Bay Packers
85%
2009-10 L Minnesota Vikings
85%
2000-01 L Minnesota Vikings
85%
2009-10 W New Orleans Saints
85%
2018-19 L New Orleans Saints
85%
2007-08 W New York Giants
85%
2000-01 W New York Giants
85%
2004-05 W Philadelphia Eagles
85%
1999-00 W St. Louis Rams
85%
2002-03 W Tampa Bay Buccaneers
85%
2008-09 L Philadelphia Eagles
77%
2003-04 L Philadelphia Eagles
77%
2002-03 L Philadelphia Eagles
77%
2001-02 L Philadelphia Eagles
77%
1998-99 W Atlanta Falcons
69%
2004-05 L Atlanta Falcons
69%
2005-06 L Carolina Panthers
69%
1985-86 W Chicago Bears
69%
1995-96 W Dallas Cowboys
69%
1993-94 W Dallas Cowboys
69%
1992-93 W Dallas Cowboys
69%
1978-79 W Dallas Cowboys
69%
1977-78 W Dallas Cowboys
69%
1975-76 W Dallas Cowboys
69%
1971-72 W Dallas Cowboys
69%
1970-71 W Dallas Cowboys
69%
1997-98 W Green Bay Packers
69%
1996-97 W Green Bay Packers
69%
1967-68 W Green Bay Packers
69%
1966-67 W Green Bay Packers
69%
1979-80 W Los Angeles Rams
69%
1976-77 W Minnesota Vikings
69%
1974-75 W Minnesota Vikings
69%
1973-74 W Minnesota Vikings
69%
1969-70 W Minnesota Vikings
69%
1998-99 L Minnesota Vikings
69%
2006-07 L New Orleans Saints
69%
1990-91 W New York Giants
69%
1986-87 W New York Giants
69%
1980-81 W Philadelphia Eagles
69%
1994-95 W San Francisco 49ers
69%
1989-90 W San Francisco 49ers
69%
1988-89 W San Francisco 49ers
69%
1984-85 W San Francisco 49ers
69%
1981-82 W San Francisco 49ers
69%
1992-93 L San Francisco 49ers
69%
1990-91 L San Francisco 49ers
69%
1999-00 L Tampa Bay Buccaneers
69%
1991-92 W Washington Redskins
69%
1987-88 W Washington Redskins
69%
1983-84 W Washington Redskins
69%
1982-83 W Washington Redskins
69%
1984-85 L Chicago Bears
62%
1994-95 L Dallas Cowboys
62%
1982-83 L Dallas Cowboys
62%
1981-82 L Dallas Cowboys
62%
1980-81 L Dallas Cowboys
62%
1973-74 L Dallas Cowboys
62%
1972-73 L Dallas Cowboys
62%
1967-68 L Dallas Cowboys
62%
1966-67 L Dallas Cowboys
62%
1995-96 L Green Bay Packers
62%
1997-98 L San Francisco 49ers
62%
1993-94 L San Francisco 49ers
62%
1972-73 W Washington Redskins
62%
1968-69 W Baltimore Colts
54%
1991-92 L Detroit Lions
54%
1989-90 L Los Angeles Rams
54%
1978-79 L Los Angeles Rams
54%
1976-77 L Los Angeles Rams
54%
1975-76 L Los Angeles Rams
54%
1974-75 L Los Angeles Rams
54%
1977-78 L Minnesota Vikings
54%
1983-84 L San Francisco 49ers
54%
1996-97 L Carolina Panthers
46%
1988-89 L Chicago Bears
46%
1985-86 L Los Angeles Rams
46%
1987-88 L Minnesota Vikings
46%
1986-87 L Washington Redskins
46%
1969-70 L Cleveland Browns
31%
1968-69 L Cleveland Browns
31%
1971-72 L San Francisco 49ers
31%
1970-71 L San Francisco 49ers
31%
1979-80 L Tampa Bay Buccaneers
31%
No matching quizzes found
Score Distribution
Percent of People with Each Score
Percentile by Number Answered
Your Score History
You have not taken this quiz since the last reset